<?xml version="1.0" encoding="UTF-8"?>
<record
    xmlns:xsi="http://www.w3.org/2001/XMLSchema-instance"
    xsi:schemaLocation="http://www.loc.gov/MARC21/slim http://www.loc.gov/standards/marcxml/schema/MARC21slim.xsd"
    xmlns="http://www.loc.gov/MARC21/slim">

  <leader>03268njm a2200421Ia 4500</leader>
  <controlfield tag="001">25685</controlfield>
  <controlfield tag="003">IT-RoPAU</controlfield>
  <controlfield tag="005">20220918181155.0</controlfield>
  <controlfield tag="008">131025s9999    xx            000 0 und d</controlfield>
  <datafield tag="040" ind1=" " ind2=" ">
    <subfield code="a">IT-RoPAU</subfield>
  </datafield>
  <datafield tag="040" ind1=" " ind2=" ">
    <subfield code="c">IT-RoPAU</subfield>
  </datafield>
  <datafield tag="999" ind1=" " ind2=" ">
    <subfield code="c">102505</subfield>
    <subfield code="d">102505</subfield>
  </datafield>
  <datafield tag="999" ind1=" " ind2=" ">
    <subfield code="b">n.d.</subfield>
  </datafield>
  <datafield tag="100" ind1=" " ind2=" ">
    <subfield code="a">Ellington Duke</subfield>
    <subfield code="9">13610</subfield>
  </datafield>
  <datafield tag="100" ind1=" " ind2=" ">
    <subfield code="e">Autore musica</subfield>
    <subfield code="9">13611</subfield>
  </datafield>
  <datafield tag="100" ind1=" " ind2=" ">
    <subfield code="g">Codice autore musica SPICS: 13023</subfield>
    <subfield code="9">13612</subfield>
  </datafield>
  <datafield tag="245" ind1=" " ind2=" ">
    <subfield code="a">Duke Ellington Live 1958</subfield>
  </datafield>
  <datafield tag="250" ind1=" " ind2=" ">
    <subfield code="a">2a ed.</subfield>
  </datafield>
  <datafield tag="260" ind1=" " ind2=" ">
    <subfield code="a">MILANO</subfield>
  </datafield>
  <datafield tag="260" ind1=" " ind2=" ">
    <subfield code="b">MUSICA JAZZ</subfield>
    <subfield code="c">1982 [1a Ed.:1958 - Ed. Lingua Orig.: 1958]</subfield>
  </datafield>
  <datafield tag="300" ind1=" " ind2=" ">
    <subfield code="a">DISCO</subfield>
  </datafield>
  <datafield tag="300" ind1=" " ind2=" ">
    <subfield code="c">48 minuti (Testo:  pag.)</subfield>
  </datafield>
  <datafield tag="500" ind1=" " ind2=" ">
    <subfield code="a">"Terry Clark; Tromba Baker Harold; Tromba Anderson Cat; Tromba Nance Ray; Tromba Jackson Quentin; Trombone Woodman Britt; Trombone Sanders John; Trombone Hamilton Jimmy; Clarinetto Sax Tenore Procope Russell; Clarinetto Sax Alto Hodges Johnny; Sax Alto Gonsalves Paul; Sax Tenore Carney Harry; Sax Baritono Clarinetto Basso Ellington Duke; Piano Woode Jimmy; Contrabasso Woodyard Sam; Batteria Goteborg (Svezia), 6 Novembre 1958)"</subfield>
  </datafield>
  <datafield tag="505" ind1=" " ind2=" ">
    <subfield code="a">Take the '&#xE0; Train [(Goteborg, Svezia, 6 novembre 1958) (3:00)] - Black and Tan Fantasy [(Goteborg, Svezia, 6 novembre 1958) (5:00)] - Creole Love Call [(Goteborg, Svezia, 6 novembre 1958) (21:00)] - Perdido [(Goteborg, Svezia, 6 novembre 1958) (5:00)] - Sophisticated Lady [(Goteborg, Svezia, 6 novembre 1958) (5:00)] - Boo-Dah [(Goteborg, Svezia, 6 novembre 1958) (4:00)] - On the Sunny Side of the Street [(Goteborg, Svezia, 6 novembre 1958) (3:00)] - El Gato [(Goteborg, Svezia, 6 novembre 1958) (5:00)]</subfield>
  </datafield>
  <datafield tag="511" ind1=" " ind2=" ">
    <subfield code="a">Terry Clark: tromba; Baker Harold: tromba; Anderson Cat: tromba; Nance Ray: tromba; Jackson Quentin: trombone; Woodman Britt: trombone; Sanders John: trombone; Hamilton Jimmy: clarinetto, sax tenore; Procope Russell: clarinetto, sax alto; Hodges Johnny: sax alto; Gonsalves Paul: sax tenore; Carney Harry: sax baritono, clarinetto basso; Ellington Duke: piano; Woode Jimmy: contrabasso; Woodyard Sam: batteria [Goteborg (Svezia), 6 Novembre 1958]</subfield>
  </datafield>
  <datafield tag="511" ind1=" " ind2=" ">
    <subfield code="a">Duke Ellington and his Orchestra</subfield>
  </datafield>
  <datafield tag="650" ind1=" " ind2=" ">
    <subfield code="a">JAZZ [DISCHI]</subfield>
    <subfield code="e">Codice MATERIA SPICS: 9950</subfield>
    <subfield code="9">13613</subfield>
  </datafield>
  <datafield tag="700" ind1=" " ind2=" ">
    <subfield code="a">Ellington Duke</subfield>
    <subfield code="g">Codice interprete SPICS: 13023</subfield>
    <subfield code="e">Interprete</subfield>
    <subfield code="9">13614</subfield>
  </datafield>
  <datafield tag="700" ind1=" " ind2=" ">
    <subfield code="a">Strayhorn Billy</subfield>
    <subfield code="g">Codice autore musica SPICS: 16295</subfield>
    <subfield code="e">Autore musica</subfield>
    <subfield code="p">Take the '&#xE0; Train - Boo-Dah</subfield>
    <subfield code="9">13615</subfield>
  </datafield>
  <datafield tag="700" ind1=" " ind2=" ">
    <subfield code="a">Ellington Duke</subfield>
    <subfield code="g">Codice autore musica SPICS: 13023</subfield>
    <subfield code="e">Autore musica</subfield>
    <subfield code="p">Black and Tan Fantasy - Creole Love Call - Perdido - Sophisticated Lady</subfield>
    <subfield code="9">13616</subfield>
  </datafield>
  <datafield tag="700" ind1=" " ind2=" ">
    <subfield code="a">Miley Bubber</subfield>
    <subfield code="g">Codice autore SPICS: 16296</subfield>
    <subfield code="e">Autore</subfield>
    <subfield code="p">Black and Tan Fantasy - Creole Love Call</subfield>
    <subfield code="9">13617</subfield>
  </datafield>
  <datafield tag="700" ind1=" " ind2=" ">
    <subfield code="a">Tizol Juan</subfield>
    <subfield code="g">Codice autore SPICS: 20356</subfield>
    <subfield code="e">Autore</subfield>
    <subfield code="p">Perdido</subfield>
    <subfield code="9">13618</subfield>
  </datafield>
  <datafield tag="700" ind1=" " ind2=" ">
    <subfield code="a">Parish James Robert</subfield>
    <subfield code="g">Codice autore SPICS: 8387</subfield>
    <subfield code="e">Autore</subfield>
    <subfield code="p">Sophisticated Lady</subfield>
    <subfield code="9">13619</subfield>
  </datafield>
  <datafield tag="700" ind1=" " ind2=" ">
    <subfield code="a">Mills Irving</subfield>
    <subfield code="g">Codice autore testo/musica SPICS: 13027</subfield>
    <subfield code="e">Autore testo/musica</subfield>
    <subfield code="p">Sophisticated Lady</subfield>
    <subfield code="9">13620</subfield>
  </datafield>
  <datafield tag="700" ind1=" " ind2=" ">
    <subfield code="a">Fields Dorothy</subfield>
    <subfield code="g">Codice autore musica SPICS: 15865</subfield>
    <subfield code="e">Autore musica</subfield>
    <subfield code="p">On the Sunny Side of the Street</subfield>
    <subfield code="9">13621</subfield>
  </datafield>
  <datafield tag="700" ind1=" " ind2=" ">
    <subfield code="a">McHugh Jimmy</subfield>
    <subfield code="g">Codice autore SPICS: 16297</subfield>
    <subfield code="e">Autore</subfield>
    <subfield code="p">On the Sunny Side of the Street</subfield>
    <subfield code="9">13622</subfield>
  </datafield>
  <datafield tag="700" ind1=" " ind2=" ">
    <subfield code="a">Anderson Cat</subfield>
    <subfield code="g">Codice autore musica SPICS: 16298</subfield>
    <subfield code="e">Autore musica</subfield>
    <subfield code="p">El Gato</subfield>
    <subfield code="9">13623</subfield>
  </datafield>
  <datafield tag="942" ind1=" " ind2=" ">
    <subfield code="c">MD</subfield>
    <subfield code="2">ddc</subfield>
  </datafield>
  <datafield tag="952" ind1=" " ind2=" ">
    <subfield code="0">0</subfield>
    <subfield code="1">0</subfield>
    <subfield code="4">0</subfield>
    <subfield code="6">25685_000000000000000</subfield>
    <subfield code="7">1</subfield>
    <subfield code="a">SPICS</subfield>
    <subfield code="b">SPICS</subfield>
    <subfield code="d">2013-10-25</subfield>
    <subfield code="l">0</subfield>
    <subfield code="o">25685</subfield>
    <subfield code="r">2013-10-25 00:00:00</subfield>
    <subfield code="w">2013-10-25</subfield>
    <subfield code="y">MD</subfield>
    <subfield code="z">Progr. Ins.: 5559 / N.Vol.: 1 / Copie: 1 - Copia rara: n.d. / date import: 01.01.2014 - By Epidotti, Trombetti, Vaglietti</subfield>
  </datafield>
</record>
